नीतिकथामकरन्द / (Record no. 116758)

MARC details
000 -LEADER
fixed length control field 01045nam a22002537a 4500
005 - DATE AND TIME OF LATEST TRANSACTION
control field 20170124103044.0
010 ## - LIBRARY OF CONGRESS CONTROL NUMBER
LC control number A-756549
020 ## - INTERNATIONAL STANDARD BOOK NUMBER
Terms of availability 60.00
035 ## - SYSTEM CONTROL NUMBER
System control number A-756549
037 ## - SOURCE OF ACQUISITION
Source of stock number/acquisition Cen Lib/Ret
040 ## - CATALOGING SOURCE
Original cataloging agency DPL
Language of cataloging HN
082 ## - DEWEY DECIMAL CLASSIFICATION NUMBER
Classification number
Item number ठाकुर
100 ## - MAIN ENTRY--PERSONAL NAME
Personal name ठाकुर, ओम प्रकाश
9 (RLIN) 43705
245 ## - TITLE STATEMENT
Title नीतिकथामकरन्द /
Statement of responsibility, etc ओम प्रकाश ठाकुर
246 ## - VARYING FORM OF TITLE
Title proper/short title Nitikathamakrand /
Remainder of title by Om Prakash Thakur
260 ## - PUBLICATION, DISTRIBUTION, ETC. (IMPRINT)
Place of publication, distribution, etc दिल्ली
Name of publisher, distributor, etc अनिल प्रकाशन
Date of publication, distribution, etc 1995
270 ## - ADDRESS
Address 2619-20, न्यू मार्किट, नई सड़क
City दिल्ली
Postal code 110006
300 ## - PHYSICAL DESCRIPTION
Extent 73पृ.
Dimensions 21सेमी(सजिल्द )
650 ## - SUBJECT ADDED ENTRY--TOPICAL TERM
Topical term or geographic name as entry element हिंदी साहित्य
General subdivision
Geographic subdivision
9 (RLIN) 106707
650 ## - SUBJECT ADDED ENTRY--TOPICAL TERM
Topical term or geographic name as entry element हिंदी साहित्य--लघु कथाएँ
9 (RLIN) 106708
650 ## - SUBJECT ADDED ENTRY--TOPICAL TERM
Topical term or geographic name as entry element Hindi literature
Form subdivision
9 (RLIN) 106709
650 ## - SUBJECT ADDED ENTRY--TOPICAL TERM
Topical term or geographic name as entry element Hindi literature--Short Stories
9 (RLIN) 106710
942 ## - ADDED ENTRY ELEMENTS (KOHA)
Source of classification or shelving scheme Dewey Decimal Classification
Koha item type Hindi Books
Classification part
Call number suffix ठाकूर
Holdings
Withdrawn status Lost status Damaged status Not for loan Home library Current library Date acquired Source of acquisition Cost, normal purchase price Total Checkouts Full call number Barcode Date last seen Copy number Cost, replacement price Price effective from Koha item type
        Central Library Central Library 25/08/2015 Cen Lib/Ret 60.00   क ठाकुर A-756549 25/08/2015 1 60.00 25/08/2015 Hindi Books

© Delhi Public Library
Hit Counter
free hit counter